000 00431nam a2200157 i 4500
001 72658
003 ES-MaACL
005 20230906171517.0
007 t|
008 040902s1970 sp ||||1| spa d
100 1 _aGodoy Rotllens, Jaime.
_957547
245 1 0 _aEduación y madurez cristiana /
_cJaime Godoy Rotllens.
260 _aMadrid :
_bBruño,
_c[1970]
300 _a208 p. ;
_c21 cm.
852 _aES-MaACL
_jC-46300
_bR.76680
999 _c72658
_d72658